Los actores en la crisis económica del fin de siglo (Record no. 19457)

MARC details
000 -LEADER
campo de control de longitud fija 00445nam a2200145Ia 4500
008 - DATOS DE LONGITUD FIJA--INFORMACIÓN GENERAL
campo de control de longitud fija 231129s2012||||xx |||||||||||||| ||spa||
020 ## - NÚMERO INTERNACIONAL ESTÁNDAR DEL LIBRO
Número Internacional Estándar del Libro ISBN: 978-958-695-
040 ## - FUENTE DE CATALOGACIÓN
Lengua de catalogación spa
082 ## - NÚMERO DE LA CLASIFICACIÓN DECIMAL DEWEY
Número de clasificación 332.46 U81a
100 ## - ENTRADA PRINCIPAL--NOMBRE DE PERSONA
Nombre de persona Urrutia Miguel
245 #0 - MENCIÓN DEL TÍTULO
Título Los actores en la crisis económica del fin de siglo
260 ## - PUBLICACIÓN, DISTRIBUCIÓN, ETC.
Fecha de publicación, distribución, etc. 2012
264 ## - PRODUCCIÓN, PUBLICACIÓN, DISTRIBUCIÓN, FABRICACIÓN Y COPYRIGHT
Producción, publicación, distribución, fabricación y copyright Bogotá: Universidad de los Andes. Facultad de Economí­a
942 ## - ELEMENTOS DE ENTRADA SECUNDARIOS (KOHA)
Fuente del sistema de clasificación o colocación Clasificación Decimal Dewey
Tipo de ítem Koha

No items available.

Powered by Koha